Chiméra prekladania Antológia slovenského myslenia o preklade I. /

Guardado en:
Detalles Bibliográficos
Otros Autores: Sabolová Dagmar (Editor)
Formato: Libro
Lenguaje:eslovaco
Publicado: Bratislava Veda 1999
Edición:1.vyd.
Etiquetas: Agregar Etiqueta
Sin Etiquetas, Sea el primero en etiquetar este registro!

MARC

LEADER 00000nam a22000003a 4500
001 0087526
003 SK-STU
005 20210316150459.5
007 ta
008 210316s ----xo-----e------000-0-----d
020 |a 80-224-0562-0 
040 |a STU  |b slo 
041 0 |a slo 
080 |a 81´25 
100 1 |a Sabolová Dagmar  |4 edt 
245 1 0 |a Chiméra prekladania  |b Antológia slovenského myslenia o preklade I. /  |c ed. Sabolová Dagmar 
250 |a 1.vyd. 
260 |a Bratislava  |b Veda  |c 1999 
300 |a 232 s. 
996 |b 284J045903  |c J* 118821  |l JJSK  |s A  |a 24  |w 0087526_0001